00345nam a2200133Ia 4500008004100000041000800041082001700049100002000066245002900086250001400115260003800129300003300167365001100200240624s9999 xx 000 0 und d aeng a658.4092 DUB aDUBRIN ANDREW J aPRINCIPLES OF LEADERSHIP a(7th ed.) c2015aNew DelhibCengage Learning axxxii, : 534 : p. : cm. ; 26 cRSb31